000 00689nam a2200289Ia 4500
005 20260324125026.0
008 008 260324s9999 xx 000 0 eng d
020 _a9780203878422
037 _aEBOOK
040 _aCRL
040 _beng
040 _cCRL
041 _2eng
041 _aeng
084 _qCRL
100 _aJohn Read; Jim Geekie
_91176409
245 0 _aMaking Sense of Madness
245 0 _bContesting the Meaning of Schizophrenia
260 _bTaylor and Francis
260 _c2009
365 _a
365 _b160
856 _uhttp://www.taylorfrancis.com/books/9780203878422
942 _cEBOOK
999 _c1771309
_d1771309